000 00736nam a2200241Ia 4500
003 OSt
005 20221006165716.0
006 a|||||r|||| 00| 0
007 ta
008 221006b |||||||| |||| 00| 0 eng d
024 _a7,789
037 _cDissertations
040 _aFML
_cFML
_beng
041 _2eng
_aeng
100 _aChattopadhyay Chandranath Au.
_9680331
110 _aDelhi University. Faculty of Music and Fine Arts. Department of Music
245 0 _aThe Music And Lyrics of Qazi Nazrul Islam
260 _c1983
300 _a145
_ccm.
700 _aDelhi University. Faculty of Music and Fine Arts. Department of Music
942 _cDIS
_2CC
999 _c1121771
_d1121771